000 00624nam a2200241Ia 4500
003 OSt
005 20230509163319.0
008 210423s2006 xx 000 0 und d
020 _a1-4051-2216-1
040 _cAL
041 _aeng
082 _a574.3 SLAE
100 _aSLACK( J M W )
_9101661
245 _aEssential developmental biology Ed2
250 _a2
260 _aAustralia
_bBlackwell Publishing
_c2006
300 _aix,365p
_bPB
365 _b3253.92
_cINR
650 _aBiology
_9101662
650 _aLife Sciences
_9101663
906 _abiology ; developmental ; Ed2 ; Essential
942 _2ddc
_cBK
999 _c165746
_d165746